| 000 | 00402nam a22001577a 4500 | ||
|---|---|---|---|
| 020 | _a978-81-310-1509-4 | ||
| 082 |
_a823 _bste/k |
||
| 100 | _aSTEVENSON, ROBERT LOUIS | ||
| 245 |
_aKIDNAPPED _bALL TIME GREAT CLASSICS |
||
| 246 |
_aKIDNAPPED _bALL TIME GREAT CLASSICS |
||
| 260 |
_aDELHI _bMANOJ PUBLICATIONS _c2013 |
||
| 300 | _a80 | ||
| 520 | _aCLASSIC STORY | ||
| 650 | _aCLASSIC STORY | ||
| 942 | _cBK | ||
| 999 |
_c2867 _d2867 |
||